| 000 | 00780nam a22002657a 4500 | ||
|---|---|---|---|
| 003 | UA-OsUOA | ||
| 001 | 21274 | ||
| 007 | ta | ||
| 008 | 20031125b un ||||| |||| 00| 0 ukr d | ||
| 100 | _aБаліна С.Н. | ||
| 700 | _aУщаповський В.Ф. | ||
| 090 |
_a332.025.28:34(094) _bБ20 |
||
| 942 | _cBK | ||
| 040 |
_aUA-OsUOA _bukr _cUA-OsUOA _dUA-OsUOA |
||
| 245 |
_aПравові основи приватизації в Україні та їх захист від злочинних посягань _bНавчальний посібник |
||
| 300 | _a160 с. | ||
| 955 | _a0 | ||
| 041 | _aukr | ||
| 080 | _a332.025.28:34(094) | ||
| 020 | _a966-95627-9-1 | ||
| 260 |
_aКиїв _bАтіка _c1999 |
||
| 044 | _aUA | ||
| 650 | 7 | _2UDC | |
| 999 |
_c307468 _d307468 |
||